| 000 | 00757nam a22001337a 4500 | ||
|---|---|---|---|
| 040 | _cRUA | ||
| 082 | _aAGR SOK 2005 B031 Or.1 | ||
| 100 | _aSOK, SOPHEARITH. | ||
| 245 | _aFarmers' pesticide use on corn crop in mukompoul district kandal province in early dry season ,2005 ការប្រើប្រាស់ថ្នាំពុលកសិកម្មរបស់កសិករទៅលើដំណាំពោតនៅស្រុកមុខកំពូល ខេត្តកណ្ដាល នាដើមរដូវប្រាំង ឆ្នាំ ២០០៥ | ||
| 260 |
_aPhnom Penh _bRUA _c2005 |
||
| 300 |
_axi; 48p. _bill. _c29cm. |
||
| 856 | _uhttps://drive.google.com/file/d/1Mdd5Yl3TnZ6EYsU3saGI34uTU3kcP-lB/view?usp=sharing | ||
| 942 | _cAGR | ||
| 999 |
_c697 _d697 |
||